Datum a čas kvízu

15.5 Celkem bodů Celkový počet nahraných bodů na tomto kvízu bez doplňovacích otázek.
2. Pořadí na kvízu Konečné umístění týmu na tomto kvízu.

Zaznamenané odpovědi

# Otázka Odpověď Body Výsledky
1. Zlidovělý výraz Andreje Babiše... 0
2. "Filosof a revolucionář Karl M... 0
3. Unikátní hliněnou figurku z pr... 0
4. Desítky nových "hackerů" ročně... 0
5. V pátek bylo zahájeno 82. mist... 0
6. Košile patří k základním typům... 1
7. Dámská obdoba košile se nejčas... 1
8. Jak se jmenuje tento politik,... 0
9. Balada Svatební košile je souč... 0.5
10. Polotriko, zkráceně polo, je j... 1